Các quan niệm về hệ thống đơn vị ngữ pháp văn bản trong sách báo ngôn ngữ học tiếng Việt Luận văn tốt nghiệp Đại học Sư phạm văm Khóa 20
Salvato in:
| Autore principale: | |
|---|---|
| Natura: | Libro |
| Lingua: | Undetermined |
| Pubblicazione: |
Cần Thơ
Trường Đại học Cần Thơ, Khoa Sư phạm, Bộ môn Ngữ văn
1998
|
| Soggetti: | |
| Tags: |
Aggiungi Tag
Nessun Tag, puoi essere il primo ad aggiungerne! !
|
| Thư viện lưu trữ: | Trung tâm Học liệu Trường Đại học Cần Thơ |
|---|
| LEADER | 00795nam a2200193Ia 4500 | ||
|---|---|---|---|
| 001 | CTU_23096 | ||
| 008 | 210402s9999 xx 000 0 und d | ||
| 082 | |a 495.922 | ||
| 082 | |b Â125/1998 | ||
| 100 | |a Cao Thị Kim Âu | ||
| 245 | 0 | |a Các quan niệm về hệ thống đơn vị ngữ pháp văn bản trong sách báo ngôn ngữ học tiếng Việt | |
| 245 | 0 | |b Luận văn tốt nghiệp Đại học Sư phạm văm Khóa 20 | |
| 245 | 0 | |c Cao Thị Kim Âu | |
| 260 | |a Cần Thơ | ||
| 260 | |b Trường Đại học Cần Thơ, Khoa Sư phạm, Bộ môn Ngữ văn | ||
| 260 | |c 1998 | ||
| 650 | |a vietnamese language | ||
| 904 | |i Nguyễn Quang Điền, 980725 | ||
| 980 | |a Trung tâm Học liệu Trường Đại học Cần Thơ | ||